000 00368nam a22000977a 4500
008 190313b xxu||||| |||| 00| 0 eng d
010 _aHCMAF120
245 _aHIGH COURT MISCELLANEOUS CAUSE NO.79 OF 2011 HON. JUSTICE KANYEIHAMBA VS THE COMMISSIONER LAND REGISTRATION AND OTHER
260 _aHIGH COURT KAMPALA
500 _3BEFORE HON: LADY JUSTICE PERCY NIGHT TUHAISE RULING
999 _c8578
_d8578